Fish genetics and endocrinology/ (Record no. 7265)

MARC details
000 -LEADER
fixed length control field 00812 a2200205 4500
005 - DATE AND TIME OF LATEST TRANSACTION
control field 20080925112058.0
008 - FIXED-LENGTH DATA ELEMENTS--GENERAL INFORMATION
fixed length control field 080925t xxu||||| |||| 00| 0 eng d
010 ## - LCCN (DPL NO)
LC control number ENG-87890
020 ## - INTERNATIONAL STANDARD BOOK NUMBER
Terms of availability 750.00
International Standard Book Number 8190454643
035 ## - SYSTEM CONTROL NUMBER
System control number EN-71423
037 ## - SOURCE OF ACQUISITION
Source of stock number/acquisition D.B.Act / Pub
082 ## - DEWEY DECIMAL CLASSIFICATION NUMBER
Classification number 639.3
100 ## - MAIN ENTRY--PERSONAL NAME
Personal name Ghosh, R.
245 ## - TITLE STATEMENT
Title Fish genetics and endocrinology/
Statement of responsibility, etc by R. Ghosh
260 ## - PUBLICATION, DISTRIBUTION, ETC. (IMPRINT)
Place of publication, distribution, etc Delhi
Name of publisher, distributor, etc Swastik Publishers & Distributors
Date of publication, distribution, etc 2007
270 ## - ADDRESS
Address 31, Gali No. 1, A Block, Pocket 5, CRP Water Tank, Sonia Vihar
City Delhi
Postal code 110 094
Telephone number 9899462604
300 ## - PHYSICAL DESCRIPTION
Extent 288 p.
Dimensions 22 cm. (Hb.)
942 ## - ADDED ENTRY ELEMENTS (KOHA)
Institution code [OBSOLETE] dpl
Item type English Books
Call number prefix 639.3 / GHO
Source of classification or shelving scheme Dewey Decimal Classification
Classification part 639.3
Call number suffix GHO
Holdings
Withdrawn status Lost status Source of classification or shelving scheme Damaged status Not for loan Collection code Home library Current library Date acquired Cost, normal purchase price Total Checkouts Full call number Barcode Date last seen Copy number Cost, replacement price Koha item type
    Dewey Decimal Classification   Not For Loan Non-fiction D.B.Act.Division D.B.Act.Division 25/09/2008 750.00   639.3 GHO EN-71423 15/09/2008 1 750.00 English Books

© Delhi Public Library
Hit Counter
free hit counter